000 00622cam a22002293a 4500
001 18805
003 PGUSA
005 20140828083411.0
008 060711s2006||||xxu|||||s|||||000 1 eng d
040 _aPGUSA
_beng
042 _adc
050 4 _aPL
100 1 _aFrancia, José R.
245 1 0 _aHindi Biro!... ó Ang Anting-Anting
_h[electronic resource] /
_cJosé R. Francia
260 _bProject Gutenberg,
_c2006
506 _aPublic domain in the USA.
516 _aElectronic text
653 _aFiction
830 0 _aProject Gutenberg
_v18805
856 4 0 _uhttp://www.gutenberg.org/ebooks/18805
942 _cEB
999 _c248060
_d248060